00506nam a2200205Ia 4500008004100000020001600041050000900057050001600066100002300082245002100105245002000126260001200146260002700158260000900185300001600194300001200210300001100222440003200233650003500265170203s9999 xx 000 0 und d a0-671673025 aFic  b.D621h 1979 aDixon, Franklin W. 4aThe Hardy Boys / cFranklin Cixon. aU.S.A : bSimon & Schuster, Inc. c1979 a173 pages ; bill. ;  c19 cm. aHardy boys mystery stories. aMystery and detective stories.